Conexiones culturales y patrimonio prehistórico /
Paying homage to José C. Martín de la Cruz, this volume considers Bronze Age intercultural connections in the Mediterranean area, investigates the first settlements and early food producing societies, examines our remote past and its natural environment, and closes with multidisciplinary prehistoric...
مؤلفون آخرون: ,
التنسيق: كتاب الكتروني
اللغة: Spanish
منشور في:
Oxford :
Archaeopress Archaeology,
2023.
الموضوعات:
الوصول للمادة أونلاين: Login to view Source Login to view Source
الوسوم: إضافة وسم
رقم الطلب: DE86
| LEADER | 02150nam a2200457 i 4500 | ||
|---|---|---|---|
| 001 | EDZ0002986475 | ||
| 003 | StDuBDS | ||
| 005 | 20230412183500.0 | ||
| 006 | m|||||o||d|||||||| | ||
| 007 | cr ||||||||||| | ||
| 008 | 230130s2023 enkab fob 010|0|spa|d | ||
| 020 | |a 9781803273594 (PDF ebook) : |c No price | ||
| 040 | |a StDuBDS |b eng |c StDuBDS |e rda |e pn | ||
| 050 | 4 | |a DE86 | |
| 082 | 0 | 4 | |a 937.01 |2 23 |
| 245 | 0 | 0 | |a Conexiones culturales y patrimonio prehistórico / |c editado por Juan Manuel Garrido Anguita. |
| 264 | 1 | |a Oxford : |b Archaeopress Archaeology, |c 2023. | |
| 300 | |a 1 online resource (xvi, 268 pages) : |b illustrations (black and white, and colour), maps (colour) | ||
| 336 | |a text |2 rdacontent | ||
| 336 | |a still image |2 rdacontent | ||
| 336 | |a cartographic image |2 rdacontent | ||
| 337 | |a computer |2 rdamedia | ||
| 338 | |a online resource |2 rdacarrier | ||
| 500 | |a Also issued in print: 2023. | ||
| 504 | |a Includes bibliographical references. | ||
| 506 | 0 | |a Open access. | |
| 520 | 8 | |a Paying homage to José C. Martín de la Cruz, this volume considers Bronze Age intercultural connections in the Mediterranean area, investigates the first settlements and early food producing societies, examines our remote past and its natural environment, and closes with multidisciplinary prehistoric studies from a range of scientific fields. | |
| 521 | |a Specialized. | ||
| 588 | |a Description based on online resource; title from PDF title page (viewed on March 8, 2023). | ||
| 651 | 0 | |a Mediterranean Region |x Antiquities. | |
| 651 | 0 | |a Mediterranean Region |x Civilization. | |
| 650 | 0 | |a Excavations (Archaeology) |z Mediterranean Region. | |
| 650 | 0 | |a Bronze age |z Mediterranean Region. | |
| 700 | 1 | |a Garrido Anguita, Juan Manuel, |e editor. | |
| 700 | 1 | |a Martín de la Cruz, José C., |e honouree. | |
| 776 | 0 | 8 | |i Print version : |z 9781803273587 |
| 856 | 4 | 0 | |u https://doi.org/10.332028/9781803273587 |
| 856 | 4 | 0 | |u http://library.arce.org:8087/Archaeopress/Products/9781803273587 |
| 942 | |2 lcc |c EBOOK | ||
| 952 | |0 0 |1 0 |4 0 |6 DE0086 |7 1 |9 47023 |a ARCH |b ARCH |d 2023-04-12 |l 0 |o DE86 |r 2023-04-12 00:00:00 |w 2023-04-12 |y EBOOK | ||
| 999 | |c 52681 |d 52681 | ||
